|
|
|
|
| LEADER |
00000cam a2200000 7i4500 |
| 001 |
0000031482 |
| 005 |
20150201.0 |
| 008 |
120305 |
| 020 |
|
|
|a 9833586677
|
| 090 |
0 |
0 |
|a 158.1
|b AIN
|
| 100 |
0 |
|
|a Ainon Mohd.
|
| 245 |
1 |
0 |
|a Psikologi orang berjaya
|c Ainon Mohd.
|
| 260 |
|
|
|a Kuala Lumpur :
|b PTS Publication & Distributors ,
|c 2008
|
| 650 |
|
0 |
|a Success
|x psichological aspects
|
| 999 |
|
|
|a 0001135240
|b Book
|c Adult Collection
|e Perbadanan Perpustakaan Awam Johor
|
| 999 |
|
|
|a 0001135241
|b Book
|c Adult Collection
|e Cawangan AEON Kulaijaya
|
| 999 |
|
|
|a 0001135243
|b Book
|c Adult Collection
|e Cawangan Kota Tinggi
|
| 999 |
|
|
|a 0001135244
|b Book
|c Adult Collection
|e Perbadanan Perpustakaan Awam Johor
|